| 000 | 00642nam a2200229 a 4500 | ||
|---|---|---|---|
| 005 | 20210219153130.0 | ||
| 008 | 991125n 000 0 u | ||
| 035 | _aUPN01000079474 | ||
| 100 | _aChenfield, Mimi Brodsky | ||
| 222 | _aPHI DELTA KAPPAN | ||
| 245 | _aFlamingos in the bathroom, love in the classroom | ||
| 300 | _a413-414 | ||
| 362 | _a74, No. 5, 1993 | ||
| 505 | _aJunio 1993 | ||
| 653 | 0 | _aAMBIENTE EN EL SALON DE CLASES | |
| 653 | 0 | _aCORRIENTE PRINCIPAL (FILOSOFIA) | |
| 653 | 0 | _aDEFICIENCIAS ESCOLARES | |
| 653 | 0 | _aDIRECTORES | |
| 653 | 0 | _aPAPEL DEL ADMINISTRADOR | |
| 904 |
_aAC _b017285 |
||
| 905 | _aArticulo | ||
| 999 |
_c69060 _d69060 |
||